[Event "Baden Wuerttemberg-chT U16"]
[Site "Burg Ortenberg"]
[Date "2018.06.23"]
[Round "2.2"]
[White "Hurm, Moritz"]
[Black "Ganjali, Aska"]
[Result "1-0"]
[WhiteElo "1670"]
[BlackElo "1315"]
[PlyCount "99"]
[EventDate "2018.06.23"]
[EventType "team-tourn"]
[EventRounds "3"]
[EventCountry "GER"]
[SourceTitle "EXT 2019"]
[Source "ChessBase"]
[SourceDate "2018.10.10"]
[SourceVersion "1"]
[SourceVersionDate "2018.10.10"]
[SourceQuality "1"]
[WhiteTeam "Hohentuebingen U16"]
[BlackTeam "Gernsbach U16"]
[WhiteTeamCountry "GER"]
[BlackTeamCountry "GER"]

1. e4 e5 2. Nf3 Nc6 3. Bb5 Bc5 4. c3 Nf6 5. d3 a6 6. Bxc6 dxc6 7. Nxe5 0-0 8. 0-0 Re8 9. Nf3 Bg4 10. Bg5 Be7 11. Re1 h6 12. Bh4 Nh7 13. Bxe7 Qxe7 14. Nbd2 Qf6 15. Qc2 Ng5 16. Nxg5 Qxg5 17. Nf1 Re6 18. Ng3 Rg6 19. Qb3 b5 20. Re3 h5 21. Rf1 h4 22. f4 Qh6 23. Ne2 Rf6 24. h3 Bxe2 25. Rxe2 Rxf4 26. Rxf4 Qxf4 27. Rf2 Qc1+ 28. Kh2 Rf8 29. Qa3 Qe3 30. Rf3 Qb6 31. Qe7 f6 32. Qe6+ Rf7 33. Qe8+ Rf8 34. Qh5 c5 35. Qxh4 Qd6+ 36. Qf4 Qxf4+ 37. Rxf4 g5 38. Rf5 c4 39. d4 Kg7 40. Kg3 Kg6 41. Rc5 Re8 42. Kf3 Re7 43. Rc6 a5 44. e5 Rf7 45. Rxf6+ Rxf6+ 46. exf6 Kxf6 47. Ke4 c6 48. g3 Ke6 49. h4 gxh4 50. gxh4 1-0